| 000 | nam a22 a 4500 | ||
|---|---|---|---|
| 999 |
_c138540 _d138540 |
||
| 003 | BLK | ||
| 005 | 20230503145825.0 | ||
| 008 | 180409b bul|||||r ||||||| ||bul|| | ||
| 010 | _aKNG00144531000 | ||
| 020 | _a954-445-122-6 | ||
| 040 | _aBLK | ||
| 041 |
_aBUL _cBUL |
||
| 080 |
_aСоциология на културата и цивилизацията _b316.7 _x:159.964.2 _z316.7:159.964.2 |
||
| 100 | 1 |
_aМаркузе, Херберт _eпърви автор _9260541 |
|
| 139 |
_aМаркузе, Херберт _bМ 32 |
||
| 245 | 1 | 0 |
_aЕрос и цивилизация _bФилос. изследване на Фройд _cХерберт Маркузе; прев. от англ. Естер Бодурска. |
| 257 | _aDEU | ||
| 260 |
_aСофия _bХристо Ботев _c1993 |
||
| 300 |
_a288 с. _c20 см |
||
| 380 | _a1 | ||
| 490 |
_aПоредица Философия на духа _9202172 |
||
| 500 | _aОриг. загл. Eros and Civilization / Herbert Marcuse. | ||
| 650 | 4 |
_aЛичност и общество _9243183 |
|
| 650 | 4 |
_aФройдизъм _9176215 |
|
| 653 | _aличност | ||
| 653 | _aцивилизация | ||
| 653 | _aфройдизъм | ||
| 700 | 1 |
_aБодурска, Естер _eпрев. от англ. _9326373 |
|
| 852 |
_aЦб 174395 _bЦб |
||
| 856 | 4 |
_qpdf _i0.00 _ldisable |
|
| 856 | 4 |
_qpdf _i0.00 _ldisable |
|
| 942 |
_cKNG _n0 _s1 |
||
| 944 |
_aCR _c26.06.2013 _l26.06.2013 - от С1,Р / 26.06.2013 _kГрета_Цуфелде |
||
| 944 |
_aED _c26.06.2013 _l26.06.2013 - от С1,Р / 26.06.2013 |
||
| 999 | _d138540 | ||
| 999 | _d138540 | ||